000 00383nam a2200145Ia 4500
008 230312s9999||||xx |||||||||||||| ||und||
020 _a93-5129-793-2
082 _a611.018
_bERO-A
100 _aEroschenko;Victor.P
245 0 _aAtlas of Histology with Functional Correlations
260 _bWolters Kluwer
_aChina
_c2017
300 _a617
650 _aMedical
_vAnatomy
942 _cBK
999 _c4906
_d4906